[Event "POL-chT 2nd League"]
[Site "Wysowa"]
[Date "2005.08.28"]
[Round "2.39"]
[White "Blaszczuk, Zygmunt"]
[Black "Betkowski, Andrzej"]
[Result "0-1"]
[WhiteElo "2111"]
[BlackElo "2217"]
[PlyCount "70"]
[EventDate "2005.08.27"]
[EventType "team-swiss"]
[EventRounds "9"]
[EventCountry "POL"]
[SourceTitle "EXT 2019"]
[Source "ChessBase"]
[SourceDate "2018.10.10"]
[SourceVersion "1"]
[SourceVersionDate "2018.10.10"]
[SourceQuality "1"]
[WhiteTeam "Prudnik LKS Zarzewie"]
[BlackTeam "Krakow TKKF Drogowiec"]
[WhiteTeamCountry "POL"]
[BlackTeamCountry "POL"]

1. c4 f5 2. d4 Nf6 3. Nf3 e6 4. Nc3 Bb4 5. Qb3 a5 6. a3 a4 7. Qc2 Bxc3+ 8. Qxc3 0-0 9. e3 b6 10. Be2 Bb7 11. 0-0 d6 12. b4 axb3 13. Qxb3 Qe8 14. Bb2 Nbd7 15. Nd2 Ne4 16. Nxe4 fxe4 17. f4 exf3 18. Bxf3 Bxf3 19. gxf3 Qh5 20. e4 Rf6 21. Rf2 Raf8 22. Raf1 Qh3 23. Qd1 Rg6+ 24. Kh1 Nf6 25. Qe2 Nh5 26. Rg1 Ng3+ 27. Rxg3 Rxg3 28. f4 Re3 29. Qd1 Rd3 30. Qe2 Qe3 31. Qxe3 Rxe3 32. e5 dxe5 33. dxe5 Re4 34. c5 Rexf4 35. Rd2 Rf2 0-1

[Event "POL-chT 58th 2nd League"]
[Site "Wisla"]
[Date "2002.??.??"]
[Round "?"]
[White "Blaszczuk, Zygmunt"]
[Black "Fudalej, Michal"]
[Result "0-1"]
[WhiteElo "2147"]
[BlackElo "2229"]
[PlyCount "40"]
[EventDate "2002.08.30"]
[EventType "team-swiss"]
[EventRounds "11"]
[EventCountry "POL"]
[SourceTitle "EXT 2019"]
[Source "ChessBase"]
[SourceDate "2018.10.10"]
[SourceVersion "1"]
[SourceVersionDate "2018.10.10"]
[SourceQuality "1"]

1. c4 g6 2. d4 Nf6 3. Nc3 Bg7 4. g3 d6 5. Bg2 c6 6. e3 0-0 7. Nge2 e5 8. 0-0 Qe7 9. Qc2 Re8 10. dxe5 dxe5 11. e4 Na6 12. b3 Bg4 13. h3 Bxe2 14. Qxe2 Nc7 15. Be3 Ne6 16. Rab1 Nd4 17. Qb2 a5 18. Ne2 Ne6 19. Rfd1 Nd7 20. h4 Ndc5 0-1

[Event "POL-chT 58th 2nd League"]
[Site "Wisla"]
[Date "2002.??.??"]
[Round "?"]
[White "Blaszczuk, Zygmunt"]
[Black "Panczyk, Krzysztof"]
[Result "0-1"]
[WhiteElo "2147"]
[BlackElo "2333"]
[PlyCount "40"]
[EventDate "2002.08.30"]
[EventType "team-swiss"]
[EventRounds "11"]
[EventCountry "POL"]
[SourceTitle "EXT 2019"]
[Source "ChessBase"]
[SourceDate "2018.10.10"]
[SourceVersion "1"]
[SourceVersionDate "2018.10.10"]
[SourceQuality "1"]

1. c4 e6 2. g3 d5 3. Bg2 Nf6 4. Nf3 Be7 5. 0-0 0-0 6. b3 c5 7. e3 Nc6 8. Bb2 d4 9. exd4 cxd4 10. d3 e5 11. Re1 Nd7 12. Nbd2 a5 13. Nb1 f6 14. Na3 Nc5 15. Nc2 Bf5 16. Bf1 g5 17. Ba3 Qd7 18. Bxc5 Bxc5 19. Nd2 Rad8 20. a3 Bg6 0-1

[Event "Swidnica op-B"]
[Site "Swidnica"]
[Date "1999.??.??"]
[Round "2"]
[White "Jakubiec, Edyta"]
[Black "Blaszczuk, Zygmunt"]
[Result "1-0"]
[WhiteElo "2098"]
[BlackElo "2200"]
[PlyCount "105"]
[EventDate "1999.??.??"]
[EventType "swiss"]
[EventRounds "9"]
[EventCountry "POL"]
[SourceTitle "EXT 2001"]
[Source "ChessBase"]
[SourceDate "2000.11.22"]
[SourceVersion "1"]
[SourceVersionDate "2000.11.22"]
[SourceQuality "1"]

1. e4 g6 2. d4 Bg7 3. Nc3 d6 4. f4 Nc6 5. Be3 Nf6 6. Nf3 0-0 7. Be2 e5 8. fxe5 dxe5 9. d5 Nb8 10. 0-0 Nbd7 11. Kh1 Qe7 12. Qd3 Ne8 13. Rad1 Nd6 14. Nb5 Nf6 15. Nd2 a6 16. Nxd6 cxd6 17. a4 Ng4 18. Bb6 Nf6 19. a5 Ne8 20. b4 f5 21. c4 Bd7 22. Qb3 Bh6 23. Qd3 Nf6 24. exf5 Bxf5 25. Qb3 Nd7 26. Be3 Bc2 27. Qxc2 Bxe3 28. Bg4 Nf6 29. Be6+ Kg7 30. Nf3 Nd7 31. Qe4 Bh6 32. Bxd7 Qxd7 33. Ng1 Rf5 34. Ne2 Raf8 35. Rxf5 Rxf5 36. g4 Rf7 37. Kg2 Qa4 38. Rb1 Qa2 39. Rf1 Bf4 40. Rf2 Bd2 41. c5 Rxf2+ 42. Kxf2 Qb2 43. c6 bxc6 44. dxc6 Bxb4 45. c7 Bc5+ 46. Kf1 Qa1+ 47. Kg2 Qe1 48. c8Q Qf2+ 49. Kh3 Be3 50. Qcb7+ Kh6 51. Qf3 Qe1 52. Qxe3+ g5 53. Qxg5+ 1-0

[Event "POL-chT 2nd League South"]
[Site "Wisla"]
[Date "1998.??.??"]
[Round "?"]
[White "Polkowski, Piotr"]
[Black "Blaszczuk, Zygmunt"]
[Result "0-1"]
[WhiteElo "2225"]
[BlackElo "2200"]
[PlyCount "48"]
[EventDate "1998.11.20"]
[EventType "team-swiss"]
[EventRounds "10"]
[EventCountry "POL"]
[SourceTitle "EXT 2000"]
[Source "ChessBase"]
[SourceDate "1999.11.16"]
[SourceVersion "1"]
[SourceVersionDate "1999.11.16"]
[SourceQuality "1"]

1. e4 g6 2. Nc3 Bg7 3. Bc4 c5 4. d3 Nc6 5. f4 e6 6. Nf3 Nge7 7. 0-0 0-0 8. Qe1 d5 9. Bb3 Nd4 10. Nxd4 cxd4 11. Ne2 dxe4 12. dxe4 d3 13. Nc3 b6 14. Be3 dxc2 15. Bxc2 Ba6 16. Rf2 Rc8 17. Rd1 Qc7 18. Rfd2 Rfd8 19. Ba4 Rxd2 20. Rxd2 Qb7 21. Bc2 Bc4 22. a3 Nc6 23. f5 Be5 24. Qf2 Qc7 0-1

[Event "Szeged Portal"]
[Site "Szeged"]
[Date "1997.??.??"]
[Round "?"]
[White "Blaszczuk, Zygmunt"]
[Black "Balint, Vilmos"]
[Result "1-0"]
[WhiteElo "2190"]
[BlackElo "2025"]
[PlyCount "45"]
[EventDate "1997.??.??"]
[EventType "tourn"]
[EventRounds "11"]
[EventCountry "HUN"]
[SourceTitle "EXT 2001"]
[Source "ChessBase"]
[SourceDate "2000.11.22"]
[SourceVersion "1"]
[SourceVersionDate "2000.11.22"]
[SourceQuality "1"]

1. Nf3 d5 2. c4 dxc4 3. Na3 Nf6 4. Nxc4 e6 5. d4 c5 6. e3 Nc6 7. Nce5 Nxe5 8. Nxe5 a6 9. Be2 Be7 10. 0-0 0-0 11. Bf3 cxd4 12. exd4 Bd6 13. Bg5 h6 14. Bh4 Be7 15. Rc1 Qa5 16. Qb3 Ra7 17. Rc2 Nd5 18. Bxe7 Nxe7 19. Nc4 Qd8 20. Qb6 Qxb6 21. Nxb6 Rd8 22. Rc4 Kf8 23. Rfc1 1-0

[Event "Szeged Portal"]
[Site "Szeged"]
[Date "1997.??.??"]
[Round "?"]
[White "Blaszczuk, Zygmunt"]
[Black "Berecz, Arpad"]
[Result "0-1"]
[WhiteElo "2190"]
[BlackElo "2215"]
[PlyCount "84"]
[EventDate "1997.??.??"]
[EventType "tourn"]
[EventRounds "11"]
[EventCountry "HUN"]
[SourceTitle "EXT 2001"]
[Source "ChessBase"]
[SourceDate "2000.11.22"]
[SourceVersion "1"]
[SourceVersionDate "2000.11.22"]
[SourceQuality "1"]

1. d4 Nf6 2. c4 d6 3. Nc3 g6 4. e4 Bg7 5. Be2 0-0 6. Be3 e5 7. dxe5 dxe5 8. Nf3 c6 9. Qc2 Qe7 10. h3 Na6 11. 0-0 Nh5 12. Rad1 Nc5 13. Qd2 Ne6 14. g3 Rd8 15. Qc1 Nd4 16. g4 Nxe2+ 17. Nxe2 Rxd1 18. Rxd1 Nf6 19. Bg5 Qc7 20. Nc3 Be6 21. b3 Re8 22. Qa3 Qc8 23. Nh2 h5 24. f3 hxg4 25. hxg4 a6 26. c5 Nd7 27. Na4 f5 28. gxf5 gxf5 29. Qb4 Nf6 30. Nb6 Qc7 31. exf5 Bxf5 32. Rd6 Qf7 33. Qh4 Nd5 34. Nc4 e4 35. Ne3 Bd4 36. Qg3 Qg7 37. Nhf1 exf3 38. Kf2 Bxc5 39. Rd8 Rxd8 40. Bxd8 Qxg3+ 41. Nxg3 Nxe3 42. Kxf3 Bb1 0-1

[Event "Szeged Portal"]
[Site "Szeged"]
[Date "1997.??.??"]
[Round "?"]
[White "Gal, Jozsef Istvan"]
[Black "Blaszczuk, Zygmunt"]
[Result "1-0"]
[WhiteElo "2295"]
[BlackElo "2190"]
[PlyCount "57"]
[EventDate "1997.??.??"]
[EventType "tourn"]
[EventRounds "11"]
[EventCountry "HUN"]
[SourceTitle "EXT 2001"]
[Source "ChessBase"]
[SourceDate "2000.11.22"]
[SourceVersion "1"]
[SourceVersionDate "2000.11.22"]
[SourceQuality "1"]

1. e4 e6 2. d4 d5 3. e5 c5 4. Nf3 cxd4 5. Bd3 Nc6 6. 0-0 Qc7 7. Re1 Bb4 8. Nbd2 h6 9. a3 Ba5 10. b4 Bb6 11. Nb3 a6 12. Bb2 Nge7 13. Rc1 Bd7 14. Nbxd4 0-0 15. Qe2 Nxd4 16. Nxd4 Bxd4 17. Bxd4 Nc6 18. Bb2 b5 19. Qg4 Rad8 20. Re3 d4 21. Qe4 g6 22. Bxd4 Nxd4 23. Qxd4 Bc6 24. Qf4 Kg7 25. Qf6+ Kg8 26. Rh3 Kh7 27. Qg5 f5 28. Rxh6+ Kg8 29. Rxg6+ 1-0